000 00642nam a2200241 a 4500
001 73805
003 BD-RjUL
005 20211209082441.0
008 170612s1982 ii a b 001 0 eng
035 _a(BD-RjUL)74023
040 _aDLC/ICU
_cICU
_dDLC
_dBD-RjUL
_beng
041 _aeng
082 _223
_a551
_bMUT 1982
100 1 _aMukerjee, Pratip Kumar.
_9162141
245 1 2 _aA textbook of geology /
_cPratip kumar Mukerjee
250 _a9th rev. ed.
260 _aCalcutta :
_bWorld Press,
_c1982
300 _a546 p. :
_bill. :
_c22 cm.
500 _aIncludes index
504 _a
650 0 _aGeology.
_9162142
942 _2ddc
_cBK
999 _c73805
_d73805